Normale Ansicht MARC-Ansicht ISBD

Gregor von Brück, Martin Luther und der konservative Protestantismus in Brandenburg / (Titelsatznr. 373088)

[ MARC ]
MARC-Details
000 -Satzkennung
Kontrollfeld mit fester Länge 00816nam a2200205 4500
008 - Feld mit fester Länge zur physischen Beschreibung - Allgemeine Angaben
Kontrollfeld mit fester Länge 201207b ||||| |||| 00| 0 eng d
040 ## - Katalogisierungsquelle
Katalogisierungssprache ger
Übertragungsstelle DE-2950
Beschreibungsfestlegungen rda
Original-Katalogisierungsstelle DE-2950
041 ## - Sprachcode
Sprachcode des Textes/der Tonspur oder des separaten Titels ger
245 ## - Titel
Haupttitel Gregor von Brück, Martin Luther und der konservative Protestantismus in Brandenburg /
Verantwortlichkeitsangabe Ines Jäger
264 ## - Veröffentlichungsangabe, Vertriebsangabe, Herstellungsangabe
Erscheinungs-, Vertriebs-, Herstellungsdatum 2023
490 ## - Gesamttitelangabe
Haupttitel der Reihe/Unterreihe Die Mark Brandenburg
Zählung Heft 130: Konservative Mark
653 ## - Lokales Schlagwort
Nicht-normierter Term Brandenburg <Land>
653 ## - Lokales Schlagwort
Nicht-normierter Term Brück, Gregor; Jurist, Kanzler, 1483-1557
653 ## - Lokales Schlagwort
Nicht-normierter Term Luther, Martin; Reformator, Theologe, Komponist, Übersetzer, Schriftsteller, 1483-1546
773 ## - Übergeordnete Einheit
Ort, Verlag und Erscheinungsjahr Berlin: Die Mark Brandenburg - Verlag für Regional- und Zeitgeschichte
Verknüpfungsangaben (2023) Heft 130, S. 12-15: Abb.
Titel Die Mark Brandenburg
942 ## - Zusätzliche Felder (Koha)
Koha-Medientyp Aufsätze
Exemplare
Ausgeschieden Verloren Beschädigt Nicht entleihbar Permanenter Standort Aktueller Standort Aufstellungsort Eingabedatum Anzahl Ausleihen Signatur Letzte Aktivität Preis gültig von Medientyp
        Stadtarchiv Frankfurt (Oder) | Archivbibliothek Stadtarchiv Frankfurt (Oder) | Archivbibliothek Lesesaal 23/04/2024   Bb1 102 23/04/2024 23/04/2024 Aufsätze